00505nam a22001457a 450000500170000000800410001702000340005804100120009208200140010410000500011824500950016826000420026330000290030565000250033420231025081959.0231025b |||||||| |||| 00| 0 eng d a9780409012415 ; 9780409044249 aEnglish a347.1 JOF aNeukircher B, Fourie HR and Haupt LClEnglish aHigh Court Motion Procedure : bA Practical Guide /cB Neukircher, Fourie HR and LC Haupt  aDurban :bLexisNexis (Pty) Ltd,c2021 bvii, 117 pages ;c26 cm. aLegal practice bLaw